adivina por lo menos 12 y te doy 5.000 - Estadísticas

Estadísticas generales
  • Esta prueba ha sido intentada 11 veces
  • La puntuación promedio es 10 de 15
Estadísticas de respuestas
Pregunta Respuesta % Correcto
¿Cómo se llama el anime en japonés? shingeki no kyojin
91%
¿Quién salvó a Armin de la boca de un Titán? eren
82%
¿Cuál es el nombre real de christa Lenz? historia reiss
82%
¿Quién se comió a Bertholdt? armin
73%
¿Quién mató a Sasha? gabi
73%
¿Quién se convirtió en el comandante del Cuerpo de Exploración tras la muerte de Erwin? hange zoe
73%
¿Quién crió a Levi después de la muerte de su madre? kenny
73%
¿Cuál de estos 4 "marleyanos" fue devorado por un Titán al comienzo de su misión? marcel
73%
¿Cuál de estos tiene al menos un padre vivo? sasha
73%
¿Quiénes se graduaron con las mejores calificaciones del Cuerpo de Entrenamiento? mikasa
64%
¿Cómo se llama la isla en la que viven los protagonistas? paradis
64%
¿Qué Titán no posee Eren? titan mandibula
64%
¿Quién mató al padre de Eren? (Grisha Yeager) eren jeager
45%
¿Cuál de estas no es uno de las tres murallas? muralla trost
45%
¿En qué año comenzó el anime? (Primer Ataque a los Titanes) 845
27%
No se encontraron pruebas coincidentes
Distribución de puntuación
Porcentaje de gente con cada puntuación
Porcentaje por número respondido
Historial de tus puntuaciones
No has intentado esta prueba.